| 000 | 00614nam a22001217a 4500 | ||
|---|---|---|---|
| 040 | _cRUA | ||
| 100 | _aHENG SAVORN,ហេង សាវ៉ន | ||
| 245 | _aSTUDY ON LAND LOTS MARKET IN SANGKAT KAMBOUL, KHAN KAMBOUL, PHNOM PENH,សិក្សាទៅលើទីផ្សារដីពុះឡូតិ៍ នៅសង្កាត់កំបូល ខណ្ឌកំបូល រាជធានីភ្នំពេញ | ||
| 260 |
_aphnom penh _brua _c2019 |
||
| 300 |
_aviii.30p. _bill. _c29cm. |
||
| 856 | _uhttps://drive.google.com/file/d/16pbWzJfpA0sg9tOfxChy7CtDhUWQ-Ata/view?usp=share_link | ||
| 942 | _cLMA | ||
| 999 |
_c20497 _d20497 |
||